LIBRARY ONLINE CATALOGUE

Marketing dictionary / (Record no. 15298)

MARC details
000 -LEADER
fixed length control field 00557nam a22001932 4500
001 - CONTROL NUMBER
control field 0000024337
005 - DATE AND TIME OF LATEST TRANSACTION
control field 20151217161203.0
008 - FIXED-LENGTH DATA ELEMENTS--GENERAL INFORMATION
fixed length control field 130822s xx 000 0 eng d
040 ## - CATALOGING SOURCE
Original cataloging agency KABU
Transcribing agency KABU
100 1# - MAIN ENTRY--PERSONAL NAME
Personal name Tromp, Delno L. A.
-- 0000184344
245 10 - TITLE STATEMENT
Title Marketing dictionary /
Statement of responsibility, etc. Delno L. A. Tromp.
250 ## - EDITION STATEMENT
Edition statement 1st ed.
260 ## - PUBLICATION, DISTRIBUTION, ETC. (IMPRINT)
Place of publication, distribution, etc. Nairobi :
Name of publisher, distributor, etc. Business Post,
Date of publication, distribution, etc. 2007.
300 ## - PHYSICAL DESCRIPTION
Extent 313, [3] p.
650 #0 - SUBJECT ADDED ENTRY--TOPICAL TERM
Topical term or geographic name as entry element Marketing
Form subdivision Dictionaries.
-- 0000151407
908 ## - PUT COMMAND PARAMETER (RLIN)
Put command parameter 130822
950 ## - LOCAL HOLDINGS (RLIN)
-- 1
Holdings
Withdrawn status Lost status Source of classification or shelving scheme Not for loan Home library Current library Date acquired Total Checkouts Full call number Barcode Date last seen Copy number Price effective from Koha item type
    Library of Congress Classification Not For Loan Kabarak, Main Campus Kabarak, Main Campus 17/12/2015   HF5412 .T76 2007 c. 1 016013 17/12/2015 C.1 17/12/2015 Reference